000 00530nam a2200205Ia 4500
003 OSt
005 20221007082943.0
006 a|||||r|||| 00| 0
007 ta
008 221006b |||||||| |||| 00| 0 eng d
024 _a44,507
037 _cDissertations
040 _aFLL
_cFLL
_beng
041 _2eng
_aeng
100 _aMANJUSHA
_9561944
245 0 _aExpert evidence---Narco analysis test vis-a-vis custodial confession
300 _ad.p.
_ccm.
942 _cDIS
_2CC
999 _c1168300
_d1168300